[Event "AUT-ch"]
[Site "Vienna"]
[Date "2022.08.19"]
[Round "9"]
[White "Tumanyan, Gor"]
[Black "Oberhuber, Alexander"]
[Result "1-0"]
[WhiteElo "2008"]
[BlackElo "2062"]
[PlyCount "39"]
[EventDate "2022.08.12"]
[EventType "swiss"]
[EventRounds "9"]
[EventCountry "AUT"]
[SourceTitle "CBM 209 Extra"]
[Source "ChessBase"]
[SourceDate "2022.09.30"]
[SourceVersion "1"]
[SourceVersionDate "2022.09.30"]
[SourceQuality "1"]

1. e4 c5 2. Nf3 g6 3. d4 cxd4 4. Qxd4 Nf6 5. e5 Nc6 6. Qa4 Nd5 7. Qe4 Nc7 8. Nc3 Bg7 9. Bf4 Ne6 10. Bd2 0-0 11. 0-0-0 d6 12. exd6 exd6 13. h4 Nc5 14. Qf4 Be6 15. h5 Qa5 16. hxg6 fxg6 17. Qh4 h5 18. Ng5 Nb4 19. Nxe6 Nxe6 20. Bc4 1-0

[Event "AUT-ch"]
[Site "Vienna"]
[Date "2022.08.16"]
[Round "6"]
[White "Oberhuber, Alexander"]
[Black "Miazhynski, Yuri"]
[Result "1/2-1/2"]
[WhiteElo "2062"]
[BlackElo "2175"]
[PlyCount "46"]
[EventDate "2022.08.12"]
[EventType "swiss"]
[EventRounds "9"]
[EventCountry "AUT"]
[SourceTitle "CBM 209 Extra"]
[Source "ChessBase"]
[SourceDate "2022.09.30"]
[SourceVersion "1"]
[SourceVersionDate "2022.09.30"]
[SourceQuality "1"]

1. c4 Nf6 2. g3 d5 3. cxd5 Nxd5 4. Bg2 g6 5. Nc3 Nb6 6. Nf3 Bg7 7. 0-0 0-0 8. d3 Nc6 9. Bd2 e5 10. a4 a5 11. Nb5 Nb4 12. Bc3 Qe7 13. Nd2 c6 14. Na3 Be6 15. Nac4 Nxc4 16. Nxc4 Bxc4 17. dxc4 e4 18. Bxg7 Kxg7 19. Qd4+ Qf6 20. Qxf6+ Kxf6 21. Bxe4 Ke5 22. Bf3 Rad8 23. Rfd1 Na6 1/2-1/2

[Event "AUT-ch"]
[Site "Vienna"]
[Date "2022.08.15"]
[Round "5"]
[White "Mayrhuber, Tobias"]
[Black "Oberhuber, Alexander"]
[Result "0-1"]
[WhiteElo "1979"]
[BlackElo "2062"]
[PlyCount "104"]
[EventDate "2022.08.12"]
[EventType "swiss"]
[EventRounds "9"]
[EventCountry "AUT"]
[SourceTitle "CBM 209 Extra"]
[Source "ChessBase"]
[SourceDate "2022.09.30"]
[SourceVersion "1"]
[SourceVersionDate "2022.09.30"]
[SourceQuality "1"]

1. e4 c5 2. c3 d5 3. exd5 Qxd5 4. d4 e5 5. Be3 cxd4 6. cxd4 Nf6 7. Nc3 Bb4 8. Nf3 Nc6 9. dxe5 Nxe5 10. Qa4+ Nc6 11. Bb5 0-0 12. 0-0 Bxc3 13. bxc3 Bd7 14. Rad1 Qh5 15. Be2 Rfe8 16. Qb5 Qxb5 17. Bxb5 a6 18. Be2 Na5 19. Rfe1 Rac8 20. Bb6 Nc4 21. Bxc4 Rxe1+ 22. Rxe1 Rxc4 23. Bd4 Be6 24. Rb1 b5 25. a3 Ne4 26. Rc1 f6 27. Kf1 Kf7 28. Ke2 Bg4 29. Kd3 Bxf3 30. gxf3 Ng5 31. f4 Ne6 32. Re1 f5 33. Re5 g6 34. Be3 Nxf4+ 35. Bxf4 Rxf4 36. Rc5 Ra4 37. Rc7+ Kf6 38. Rxh7 Rxa3 39. h4 b4 40. h5 Rxc3+ 41. Kd2 Rh3 42. Ra7 Rxh5 43. Rxa6+ Kg5 44. f4+ Kxf4 45. Rxg6 Rh2+ 46. Kd3 Rh3+ 47. Kc4 b3 48. Rb6 Ke5 49. Rxb3 Rxb3 50. Kxb3 Kd4 51. Kc2 Ke3 52. Kd1 Kf2 0-1

[Event "AUT-chT2O 1819"]
[Site "Austria"]
[Date "2018.10.07"]
[Round "2.6"]
[White "Jirovec, Alfred"]
[Black "Oberhuber, Alexander"]
[Result "1/2-1/2"]
[WhiteElo "1977"]
[BlackElo "2028"]
[PlyCount "105"]
[EventDate "2018.10.06"]
[EventType "team-tourn"]
[EventRounds "11"]
[EventCountry "AUT"]
[SourceTitle "CBM 186 Extra"]
[Source "ChessBase"]
[SourceDate "2018.08.24"]
[SourceVersion "1"]
[SourceVersionDate "2018.08.24"]
[SourceQuality "1"]
[WhiteTeam "Wiener Amateur CC "]
[BlackTeam "Mistelbach/Altlichtenwarth"]
[WhiteTeamCountry "AUT"]
[BlackTeamCountry "AUT"]

1. Nf3 c5 2. c4 g6 3. g3 Bg7 4. Bg2 Nc6 5. 0-0 e6 6. d3 Nge7 7. Nc3 0-0 8. Rb1 d6 9. Bd2 Rb8 10. a3 a6 11. b4 cxb4 12. axb4 b5 13. cxb5 axb5 14. Qc1 Bd7 15. Bh6 Nf5 16. Bxg7 Kxg7 17. Ne4 e5 18. Qb2 h5 19. h4 f6 20. Rfe1 Qb6 21. e3 Be6 22. Rbc1 Rbc8 23. Rcd1 Bd5 24. Nfd2 Bg8 25. Ra1 Ra8 26. Bh3 Rxa1 27. Rxa1 Nxe3 28. fxe3 Qxe3+ 29. Kh2 f5 30. Nf1 Qxd3 31. Nf2 Qb3 32. Qd2 Qxb4 33. Qxb4 Nxb4 34. Rb1 Nc2 35. Rxb5 Bc4 36. Rb6 Rd8 37. Nd2 Bf7 38. Bf1 Ne3 39. Be2 e4 40. Nb3 Nc4 41. Rb7 Ne5 42. Nd4 Kf6 43. Rb6 Bc4 44. Bxc4 Nxc4 45. Rc6 Ne5 46. Rc3 Ra8 47. Nh3 Ra4 48. Nb5 e3 49. Kg2 Ra2+ 50. Kf1 Ng4 51. Ng5 Ra1+ 52. Ke2 Ra2+ 53. Ke1 1/2-1/2